Properties of Aluminium Galium Arsenide /

Salvato in:
Dettagli Bibliografici
Altri autori: Adachi, Sadao (Compilatore)
Natura: Libro
Lingua:inglese
Pubblicazione: London : Institution of Electrical Engineers, 1993
Serie:EMIS datareviews series 7
Soggetti:
Tags: Aggiungi Tag
Nessun Tag, puoi essere il primo ad aggiungerne!!

MARC

LEADER 00000nam a22000003a 4500
001 stu10071
005 20150617225804.9
008 970818s1993----uk------------------eng-d
020 |a 0-85296-558-3 
040 |a STU  |b slo 
041 0 |a eng 
044 |a uk 
080 |a 538.9  |7 stu_us_auth*stu7967 
080 |a 546.195 
080 |a 546.6 
080 |a 621.315.592 
084 |a A7220  |2 INS 
084 |a B2520D  |2 INS 
100 1 |a Adachi, Sadao  |4 com 
245 1 |a Properties of Aluminium Galium Arsenide /  |c Edit. Adachi,Sadao 
260 |a London :  |b Institution of Electrical Engineers,  |c 1993 
300 |a 325 s 
650 7 |a fyzika polovodičov  |2 stusub 
650 7 |a fyzika tuhých látok  |2 stusub 
650 7 |a arzenidy  |2 stusub 
650 7 |a AlGaAs  |2 stusub 
650 7 |a polovodičové štruktúry  |2 stusub 
830 0 |a EMIS datareviews series  |v 7 
996 |b EIEE-64  |c E*IEE-64  |l EE01  |s A  |a 24  |w stu10071_0001